| 000 | 00447nam a2200169Ia 4500 | ||
|---|---|---|---|
| 003 | LK-CoDNM | ||
| 008 | 010623t2004 xxu||||| |||| 00| 1 sin d | ||
| 040 |
_aLK-CoDNM _dLK-CoDNM _eLK-CoDNM |
||
| 041 | _asin | ||
| 080 | _a294.3 PAL | ||
| 100 |
_aPalitha Thero,Kahatawilawaththe. _etr. |
||
| 245 | _aප්රත්යවේක්ෂා | ||
| 246 | _aPrathyaweeksha | ||
| 260 |
_bSrideevi _c2004 |
||
| 300 | _b56p., 21 cm | ||
| 942 | _cBK | ||
| 999 |
_c123899 _d123899 |
||